| 000 | 00583 a2200169 4500 | ||
|---|---|---|---|
| 999 |
_c10484 _d10484 |
||
| 020 | _a9780128045671 | ||
| 050 | _aTJ163.2 SOR 2017 | ||
| 100 |
_aSr̜ensen, Bent _d 1941- _eauthor |
||
| 245 |
_aRenewable energy : _bphysics, engineering, environmental impacts, economics & planning / _cBent Sr̜ensen |
||
| 250 | _a5th edition | ||
| 264 |
_aLondon: _bAcademic Press is an imprint of Elsevier, _c ♭2017 |
||
| 300 |
_axv., 1026 pages _b1 online resource |
||
| 500 | _aincludes index | ||
| 650 | _aRenewable energy sources. . | ||
| 650 | _aPhysics | ||
| 942 |
_2lcc _cBK _h163.2 _iSOR _kTJ |
||